Machine drawing with AutoCAD / (Record no. 776)

MARC details
000 -LEADER
fixed length control field 00729nac a22002171u 4500
020 ## - INTERNATIONAL STANDARD BOOK NUMBER
International Standard Book Number 8129704749
082 ## - DEWEY DECIMAL CLASSIFICATION NUMBER
Classification number 621.81
Item number P747
090 ## - LOCALLY ASSIGNED LC-TYPE CALL NUMBER (OCLC); LOCAL CALL NUMBER (OCLC)
-- 776
-- 776
100 ## - MAIN ENTRY--PERSONAL NAME
Personal name Pohit, Gutam
245 ## - TITLE STATEMENT
Title Machine drawing with AutoCAD /
Remainder of title Goutam Pohit, Goutam Ghosh.
260 ## - PUBLICATION, DISTRIBUTION, ETC. (IMPRINT)
Place of publication, distribution, etc New York :
Name of publisher, distributor, etc Pearson Education,
Date of publication, distribution, etc 2005.
300 ## - PHYSICAL DESCRIPTION
Extent 480 p. :
Other physical details ill. ;
Dimensions 24 cm.
500 ## - GENERAL NOTE
General note Includes index.
650 ## - SUBJECT ADDED ENTRY--TOPICAL TERM
Topical term or geographic name as entry element Machinery
General subdivision Drawings.
650 ## - SUBJECT ADDED ENTRY--TOPICAL TERM
Topical term or geographic name as entry element Machine design.
650 ## - SUBJECT ADDED ENTRY--TOPICAL TERM
Topical term or geographic name as entry element AutoCAD.
650 ## - SUBJECT ADDED ENTRY--TOPICAL TERM
Topical term or geographic name as entry element Computer graphics.
700 ## - ADDED ENTRY--PERSONAL NAME
Personal name Ghosh, Goutam.
942 ## - ADDED ENTRY ELEMENTS (KOHA)
Item type Book - Borrowing
Call number prefix 621.81P747
Holdings
Withdrawn status Item status Source of classification or shelving scheme Damaged status Not for loan Vendor Home library Current library Shelving location Date acquired Source of acquisition Cost, normal purchase price Total Checkouts Total Renewals Full call number Barcode Date last seen Date last borrowed Cost, replacement price Koha item type
    Dewey Decimal Classification       Central Library Central Library First floor 27/07/2006   125.00 3 13 621.81 POH 000003807 15/07/2025 26/10/2023 156.25 Book - Borrowing